000 00724nam 22002413 4500
001 201156
010 _a978-989-8688-44-6
021 _b422030/17
090 _a201156
100 _a20250116d u||y0pory50 ba
101 _apor
102 _aPT
200 _aSísifo
_fLuís Carmelo
_gilustrações de Daniel Lima
210 _aLisboa
_cAbysmo
_d2017
215 _a137, [1] p.
_cil. ; brochado
_d18 cm
317 _a. - Oferta com dedicatória do escritor ao Prof. Dr. Almeida Faria
606 _aLiteratura Portuguesa
_96
675 _a821.134.3-3
_vPT
_zpor
700 _93666
_aCarmelo
_bLuís
_f1954-2023
702 _916787
_aLima
_bDaniel
_f1971-
801 _aPT
_bBMMN
_gRPC
830 _cAna Falardo
_fAna Falardo
990 _cLIVROS